| 000 | 00000nam##2200000za#4500 |
| 001 | 9.692735 |
| 003 | CaOODSP |
| 005 | 20210624233340 |
| 007 | cr ||||||||||| |
| 008 | 150407|2009||||xxc|||||o f|0| 0 eng|d |
| 020 | |a978-1-100-13916-6 |
| 040 | |aCaOODSP|beng |
| 043 | |an-cn--- |
| 086 | 1 |aBT22-120/2009E-PDF |
| 110 | 1 |aCanada. |bTreasury Board. |
| 245 | 10|aToward effective government - untangling the Web of rules : |h[electronic resource]|breport on the Web of Rules Initiative, results from 2008–09 and directions for 2009–10 |
| 260 | |aOttawa - Ontario : |bTreasury Board of Canada Secretariat |cSeptember, 2009. |
| 300 | |a14p. |
| 590 | |a12-24-Supp|b2012-05-30 |
| 690 | 07|aRegulation|2gcpds |
| 775 | 08|tVers un gouvernement efficace - simplifier le labyrinthe de règles : |w(CaOODSP)9.636950 |
| 856 | 40|ahttp://publications.gc.ca|qPDF|s80 KB|uhttps://publications.gc.ca/collections/collection_2011/sct-tbs/BT22-120-2009-eng.pdf |